Ako povedať nie sociálnym médiám jednoduché rady, ako ostať pozitívne naladený

Bibliographic Details
Main Author: Ramsden, Chloe (Author)
Corporate Author: Lingea (Bratislava, Slovensko) (Compiler)
Format: Book
Language:Slovak
English
PhysicalDescription:127 strán ilustrácie 15 cm
Published: V Bratislave Lingea 2021
ISBN:9788081452567
Edition:1. vydanie
Subjects:

MARC

LEADER 00000cam a2200000 4500
001 vtls012025488
003 SK-MaSNL
005 20260301020008.0
008 210429s2021 xo a erf 000 0 slo
015 |a SNBA2022/03 
020 |a 9788081452567  |q (brožované) 
040 |a SNK  |b slo  |c SNK  |e rda 
041 1 |a slo  |h eng 
044 |a xo  |c SK 
072 7 |a 316.4  |x Sociálne procesy  |2 konspekt 
080 |a 316.472.4  |2 2011 
080 |a 304  |2 2011 
080 |a 159.9  |2 2011 
080 |a 159.913  |2 2011 
080 |a (035)  |2 2011 
100 1 |a Ramsden, Chloe  |4 aut  |9 306694 
240 1 0 |a Say no to social media  |l Slovensky 
245 1 0 |a Ako povedať nie sociálnym médiám  |b jednoduché rady, ako ostať pozitívne naladený  |c Chloe Ramsden ; z anglického originálu Say no to social media pripravil kolektív Lingea s.r.o. 
250 |a 1. vydanie 
264 1 |a V Bratislave  |b Lingea  |c 2021 
300 |a 127 strán  |b ilustrácie  |c 15 cm 
336 |a text  |b txt  |2 rdacontent 
337 |a bez média  |b n  |2 rdamedia 
338 |a zväzok  |b nc  |2 rdacarrier 
650 0 7 |a sociálne siete  |2 SNKPH  |9 71323 
650 0 7 |a sociálne aspekty  |2 SNKPH  |9 3878 
650 0 7 |a psychohygiena  |2 SNKPH  |9 2574 
650 0 7 |a Social networks  |2 SNKPHeng  |9 306695 
650 0 7 |a Social aspects  |2 SNKPHeng  |9 302611 
650 0 7 |a Mental hygiene  |2 SNKPHeng  |9 274768 
650 0 7 |a psychologické aspekty  |2 SNKPH  |9 3875 
650 0 7 |a Psychological aspects  |2 SNKPHeng  |9 154293 
655 7 |a príručky  |2 SNKPH  |9 74364 
655 7 |a Handbooks, manuals, etc.  |2 SNKPHeng  |9 90964 
710 2 |a Lingea (Bratislava, Slovensko)  |4 com  |9 216753 
752 |a Slovensko  |d Bratislava 
919 |a 978-80-8145-256-7 
958 |a OP 
968 |b ENG 
999 |c 561997  |d 563927 
952 |a SNK  |b SNK  |y PREZ  |7 0  |p 17A1458096  |o snkSE 14012  |i snk2021/16345  |8 0  |0 0  |1 0  |4 0  |d 2021-10-22  |f 1  |l 0  |r 2026-02-23 13:45:57  |w 2026-02-23 
952 |a SNK  |b SNK  |y VYP  |7 0  |p 17A1458095  |o snkSE 14012 D1  |i snk2021/16346  |8 0  |0 0  |1 0  |4 0  |d 2021-10-22  |l 0  |r 2026-02-23 13:45:57  |w 2026-02-23